| 000 | 00722nam a2200181 a 4500 | ||
|---|---|---|---|
| 001 | 4036 | ||
| 005 | 20140414131939.0 | ||
| 008 | 081119s19uu xx 00 eng d | ||
| 020 | _a0-439-28838-x | ||
| 050 |
_aTR 372.4 _bB56 2001 |
||
| 100 | _aBlevins, Wiley | ||
| 245 |
_aBuilding Fluency : _blessons and strategies for reading success / _cby Wiley Blevins. grades 2-6. |
||
| 260 |
_aJefferson City, MO : _bScholastic Professional Books, _c2001. |
||
| 300 | _a80 p. ; ill. | ||
| 520 | _aMini-lessons, activities, and words lists to help student read with the speed, automaticity, and expression essential for better reading comprehension. | ||
| 650 |
_aReading _xEnglish language _xJuvenile literature |
||
| 999 |
_c112531 _d112531 |
||